Statistics for 2000s Movie Co-Stars

Click here to take the quiz!

General Stats

  • This quiz has been taken 25 times
  • The average score is 5 of 13

Answer Stats

ActorsMovie% Correct
Lindsay Lohan and Jamie Lee CurtisFreaky Friday
87%
Hilary Swank and Morgan FreemanMillion Dollar Baby
65%
Jason Segel and Mila KunisForgetting Sarah Marshall
57%
Reese Witherspoon and Luke WilsonLegally Blonde
52%
Jennifer Garner and Mark Ruffalo13 Going on 30
48%
Tom Cruise and Jamie FoxxCollateral
43%
Tom Hanks and Helen HuntCast Away
39%
Leonardo Dicaprio and Cate BlanchettThe Aviator
30%
Jake Gyllenhaal and Maggie GyllenhaalDonnie Darko
26%
Ethan Hawke Julie DeplyBefore Sunset
22%
George Clooney and Frances McdormandBurn After Reading
22%
Jennifer Connelly and Jared LetoRequiem for a Dream
22%
Billy Crudup and Kate HudsonAlmost Famous
13%

Score Distribution

Percentile by Number Answered

Percent of People with Each Score

Your Score History

You have not taken this quiz